Statistics for AFC Asian Cup Top 4 Position

Click here to take the quiz!

General Stats

  • This quiz has been taken 501 times
    (467 since last reset)
  • The average score is 17 of 21

Answer Stats

# in Top 4# WinsTeam% Correct
64Japan
99%
102South Korea
99%
93Iran
96%
60China
95%
31Iraq
95%
11Qatar
93%
63Saudi Arabia
92%
10India
91%
10North Korea
91%
30United Arab Emirates
90%
21Australia
89%
10Thailand
84%
20South Vietnam
83%
41Kuwait
76%
41Israel
75%
10Uzbekistan
68%
10Bahrain
66%
20Taiwan
60%
10Myanmar
54%
10Cambodia
48%
20Hong Kong
35%

Score Distribution

Percentile by Number Answered

Percent of People with Each Score

Your Score History

You have not taken this quiz since the last reset